000 00573nam a2200205Ia 4500
003 GCL
008 140319s9999 xx 000 0 eng d
020 _a9774244664
040 _aGCL /
_cGCL
082 0 4 _aCC
_b916.2
_bW E
100 1 _aJAHN, WOLFGANG
245 1 0 _aEGYPT :
_bNILE, DESERT, AND PEOPLE /
_cJAHN, WOLFGANG
700 1 _aJAHN, ROSEL
260 _aالقاهرة :
_bTHE AMERICAN UNIVERSITY IN CAIRO PRESS ،
_c1999
300 _a28 CM ؛
_c191
650 0 4 _aEGYPT
650 0 4 _aPHOTOGRAPHY
650 0 4 _aEGYPT - DESCRIPTION AND TRAVEL
942 _2ddc
_cBK
999 _c1184
_d1184